Nursing

Detalles Bibliográficos
Formato: Electrónico Revista
Lenguaje:inglés
Publicado: Philadelphia, PA : Lippincott Williams & Wilkins
Materias:
Acceso en línea:Full text available from Research Library: 09/01/1995 to 12/31/2004

MARC

LEADER 00000nas a22000007a 4500
001 ssj0000891
003 WaSeSS
005 20200512172242.0
006 m d
007 cr n
008 980515c19719999paumr pss 0 a0eng c
010 |a  2002212647 
015 |a GBB597002  |2 bnb 
016 7 |a 016288838  |2 Uk 
016 7 |a 2053540 5  |2 DE-600 
022 |a 1538-8689  |l 0360-4039  |y 0360-4039 
035 |a (WaSeSS)ssj0000891 
037 |b Lippincott Williams & Wilkins, 16522 Hunters Green Pkwy., Hagerstown, MD 21740 
040 |a FQM  |b eng  |c FQM  |d OCLCQ  |d NSD  |d OCLCQ  |d DLM  |d OCLCQ  |d CFI  |d TEF  |d OCLCQ  |d OCLCO  |d OCLCQ  |d OCLCO  |d OCLCF  |d OCLCO  |d VT2  |d OCLCQ  |d OCLCO  |d OCLCQ  |d TSC  |d OCLCO  |d NLE  |d OCLCA  |d BUF  |d OCLCO  |d REB  |d OCLCO  |d WYU  |d OCLCO  |d UKMGB  |d OCLCA  |d SFB  |d GWM  |d OCLCQ  |d WaSeSS 
042 |a nsdp  |a pcc 
050 0 4 |a RT1  |b .N76 
060 4 |a INTERNET 
082 1 0 |a 610  |2 13 
130 0 |a Nursing (Jenkintown, Pa. : Online) 
210 0 |a Nursing  |b (Online) 
222 0 |a Nursing  |b (Online) 
245 1 0 |a Nursing  |h [electronic resource]. 
260 |a Philadelphia, PA :  |b Lippincott Williams & Wilkins 
362 1 |a Print began with vol. 1, no. 1 (Nov. '71). 
506 |a License restrictions may limit access. 
521 |a Nursing. 
538 |a Mode of access: World Wide Web. 
588 |a Description based on: Vol. 32, issue 1 (Jan. 2002); title from journal home page (viewed Feb. 26, 2003). 
650 0 |a Nursing  |v Periodicals. 
650 7 |a Nursing.  |2 fast  |0 (OCoLC)fst01041731 
650 2 |a Nursing. 
655 0 |a Electronic journals. 
776 1 |t Nursing (Jenkintown, Pa.)  |x 0360-4039  |w (OCoLC)1300106 
856 4 0 |z Full text available from Research Library: 09/01/1995 to 12/31/2004  |u https://search.proquest.com/publication/47531